India: Report of the Expert Committee on Population Projections (Record no. 484806)

000 -LEADER
fixed length control field 00423cam a22001217a 4500
008 - FIXED-LENGTH DATA ELEMENTS--GENERAL INFORMATION
fixed length control field 180718b1979 xxu||||| |||| 00| 0 eng d
082 ## - DEWEY DECIMAL CLASSIFICATION NUMBER
Classification number A81x54 In2/71/1/Pap 1/1979
100 ## - MAIN ENTRY--PERSONAL NAME
Personal name Census of India 1971
245 ## - TITLE STATEMENT
Title India: Report of the Expert Committee on Population Projections
260 ## - PUBLICATION, DISTRIBUTION, ETC.
Place of publication, distribution, etc. Delhi
Name of publisher, distributor, etc. The Controller of Publications
Date of publication, distribution, etc. 1979
300 ## - PHYSICAL DESCRIPTION
Extent 203+p.
440 ## - SERIES STATEMENT/ADDED ENTRY--TITLE
Title Census of India 1971. Series-1, India. Paper 1 of 1979
Holdings
Withdrawn status Lost status Damaged status Not for loan Permanent Location Current Location Date acquired Full call number Barcode Date last seen Price effective from Koha item type
        Indian Institute of Public Administration Indian Institute of Public Administration 2018-08-04 A81x54 In2/71/1/Pap 1/1979 G14860 2018-08-04 2018-08-04 G

Powered by Koha